| 000 | 00867nam1a22002291i 4500 | ||
|---|---|---|---|
| 001 | rc\3053900 | ||
| 005 | 20260408082659.0 | ||
| 035 | _a(NLR Aleph) 007193195 | ||
| 090 |
_a7558349 _c7558349 |
||
| 100 | _a20111011d1942 |||y0rusy50 ca | ||
| 101 | 0 | _arus | |
| 102 | _aRU | ||
| 105 | _ay z ||||| | ||
| 200 | 1 |
_aБоевой устав пехоты РККА (БУП-38) _eЧ. 1- _fНар. ком. обороны СССР |
|
| 210 |
_aМосква _cВоениздат НКО СССР _d1942 _eСвердловск |
||
| 215 | _d17 см | ||
| 500 | 0 | 0 |
_6z01710 _aВоенные уставы, наставления и т. п. |
| 710 | 0 | 1 |
_aСССР _bИнспекция артиллерии и бронесил Красной Армии _3RU\NLR\AUTH\8810151024 _9796766 |
| 801 | 0 |
_aRU _bNLR _gpsbo |
|
| 801 | 1 |
_aRU _bELAR _2rusmarc |
|
| 852 |
_aNLR _jВ60 Г-1/48(1) |
||
| 942 | _cBOOK | ||